00614 2200241 4500001002100000005001500021035002000036245005400056100001000110250000600120300003500126700001600161260004900177082001000226084001600236020001500252650002000267990001700287990001700304990001700321990001700338990001700355INLIS00000000000052520181205105042 a0010-12180000111 aBudi Daya Ikan Lele /cSarie; Editor, Sekar Galuh0 aSarie a- aiv, 60 hlm. :bilus. ;c25 cm.0 aSekar Galuh aJakarta :bCV Karya Mandiri Nusantara,c2007 a639.2 a639.2 SAR b a9791131481 aPeternakan Ikan a01873/P/2018 a01874/P/2018 a01875/P/2018 a01876/P/2018 a01877/P/2018